000 00603nam a2200217Ii 4500
003 JO-AjNU
008 230606s9999||||xx |||||||||||||| ||und||
020 _a978-81-239-2408-3
040 _aJO-AjNU
_beng
_erda
_cJO-AjNU
041 _aeng
050 1 4 _aQA184.2014
100 3 _aGamesha ,
_eauthor
_93755
245 0 0 _aLinear Algebra and Its Application
250 _a1 ed
264 3 1 _aNEW delhi:CBC,2014
300 _a446p
336 _atext
_btxt
_2rdacontent
337 _aunmediated
_bn
_2rdamedia
338 _avolume
_bnc
_2rdacarrier
650 4 _aLinear Algebra and hts Application
_93756
999 _aE1960
_c1960
_d1960